[Event "FICGS W-ch st1 gN 01 email"]
[Site "FICGS email"]
[Date "2017.07.01"]
[Round "1"]
[White "Demchenko, Sergey Pavlovich"]
[Black "Bernal Varela, Nelson"]
[Result "1/2-1/2"]
[WhiteElo "2168"]
[BlackElo "2208"]
[PlyCount "51"]
[EventDate "2017.??.??"]
[EventType "tourn (corr)"]
[EventRounds "6"]
[SourceTitle "Corr 2022"]
[Source "ChessBase"]
[SourceDate "2021.10.24"]
[SourceVersion "1"]
[SourceVersionDate "2021.10.24"]
[SourceQuality "1"]

1. e4 e6 2. d4 d5 3. Nc3 Nf6 4. e5 Nfd7 5. f4 c5 6. Nf3 Nc6 7. Be3 Be7 8. Qd2 a6 9. Be2 b5 10. 0-0 Qb6 11. Nd1 0-0 12. c3 b4 13. dxc5 Bxc5 14. cxb4 Nxb4 15. Nd4 a5 16. a3 Nc6 17. Nxc6 Bxe3+ 18. Qxe3 Qxc6 19. Rc1 Qb6 20. Qxb6 Nxb6 21. Rc6 Rb8 22. Rf3 Na4 23. Rc2 Nb6 24. Rc5 Na4 25. Rxa5 Nxb2 26. Nxb2 1/2-1/2

[Event "FICGS W-ch st1 gN 01 email"]
[Site "FICGS email"]
[Date "2017.07.01"]
[Round "1"]
[White "Demchenko, Sergey Pavlovich"]
[Black "Gray, Garvin"]
[Result "1/2-1/2"]
[WhiteElo "2168"]
[BlackElo "2177"]
[PlyCount "69"]
[EventDate "2017.??.??"]
[EventType "tourn (corr)"]
[EventRounds "6"]
[SourceTitle "Corr 2022"]
[Source "ChessBase"]
[SourceDate "2021.10.24"]
[SourceVersion "1"]
[SourceVersionDate "2021.10.24"]
[SourceQuality "1"]

1. e4 e5 2. Nc3 Nf6 3. Nf3 Bb4 4. Nxe5 0-0 5. Be2 Re8 6. Nd3 Bxc3 7. dxc3 Nxe4 8. 0-0 d6 9. f3 Ng5 10. Re1 Nc6 11. Nb4 Bf5 12. Nd5 Ne6 13. a4 Ne7 14. Be3 c6 15. Nxe7+ Rxe7 16. a5 d5 17. Qd2 Rd7 18. Bf1 h5 19. Qf2 d4 20. cxd4 Nxd4 21. Rac1 c5 22. Bc4 Rc8 23. c3 Nc6 24. a6 b6 25. Qg3 Bd3 26. Bg5 Qc7 27. Qxc7 Rcxc7 28. Bxd3 Rxd3 29. Rcd1 Rxd1 30. Rxd1 f6 31. Bf4 Re7 32. h4 Kf7 33. Kf2 Re8 34. g4 g6 35. Rd7+ 1/2-1/2

[Event "CP-2016-Q-00009"]
[Site "LSS email"]
[Date "2016.11.23"]
[Round "?"]
[White "Demchenko, Sergey Pavlovich"]
[Black "Boni, Roberto"]
[Result "1/2-1/2"]
[WhiteElo "2348"]
[BlackElo "1933"]
[PlyCount "131"]
[EventDate "2016.12.01"]
[EventType "tourn (corr)"]
[EventRounds "6"]
[EventCountry "GER"]
[SourceTitle "Corr 2022"]
[Source "ChessBase"]
[SourceDate "2021.10.24"]
[SourceVersion "1"]
[SourceVersionDate "2021.10.24"]
[SourceQuality "1"]

1. e4 e5 2. Nf3 Nc6 3. Bb5 a6 4. Ba4 Nf6 5. 0-0 d6 6. c3 Be7 7. Re1 b5 8. Bb3 0-0 9. h3 Na5 10. Bc2 c5 11. d4 Nd7 12. Nbd2 exd4 13. cxd4 Nc6 14. d5 Nce5 15. a4 Rb8 16. axb5 axb5 17. Nxe5 Nxe5 18. f4 Ng6 19. Nf3 Bh4 20. Nxh4 Qxh4 21. f5 Ne5 22. Rf1 b4 23. Bf4 Qe7 24. Qe1 b3 25. Bb1 f6 26. Qc3 Rb6 27. Bxe5 Qxe5 28. Qxe5 fxe5 29. Bd3 Rb4 30. Rfe1 Rd4 31. Bb5 Bb7 32. Bd7 c4 33. Be6+ Kh8 34. Ra7 Rb8 35. Kh2 h5 36. Bf7 h4 37. Bg6 c3 38. bxc3 Rc4 39. Rea1 Rcc8 40. c4 Ra8 41. Bh5 Rxa7 42. Rxa7 Rb8 43. Bd1 b2 44. Bc2 g6 45. fxg6 Kg7 46. Ra5 Bc8 47. Rb5 Rb7 48. Kg1 Kxg6 49. Kf2 Kh6 50. Bd3 Kh5 51. Ke3 Rg7 52. Be2+ Kh6 53. Rxb2 Rxg2 54. Rb6 Rg6 55. Rb8 Rg3+ 56. Kd2 Bxh3 57. Rh8+ Kg6 58. Rxh4 Ra3 59. Bd3 Bd7 60. Rh2 Kg7 61. Rf2 Bc8 62. Bc2 Bh3 63. Bb1 Bd7 64. Kc1 Rh3 65. Ra2 Kf6 66. Kb2 1/2-1/2

[Event "CP-2016-Q-00009"]
[Site "LSS email"]
[Date "2016.11.23"]
[Round "?"]
[White "Demchenko, Sergey Pavlovich"]
[Black "Colibaba, Alexandr"]
[Result "1/2-1/2"]
[WhiteElo "2348"]
[BlackElo "2278"]
[PlyCount "79"]
[EventDate "2016.12.01"]
[EventType "tourn (corr)"]
[EventRounds "6"]
[EventCountry "GER"]
[SourceTitle "Corr 2022"]
[Source "ChessBase"]
[SourceDate "2021.10.24"]
[SourceVersion "1"]
[SourceVersionDate "2021.10.24"]
[SourceQuality "1"]

1. e4 e5 2. Nf3 Nc6 3. Bb5 a6 4. Ba4 Nf6 5. 0-0 Be7 6. Re1 b5 7. Bb3 0-0 8. c3 d5 9. exd5 Nxd5 10. Nxe5 Nxe5 11. Rxe5 c6 12. d4 Bd6 13. Re1 Qh4 14. g3 Qh3 15. Qf3 Bg4 16. Qg2 Qh5 17. Be3 Rae8 18. Nd2 Re7 19. c4 Bh3 20. Bd1 Nxe3 21. Rxe3 Qh6 22. Qf3 c5 23. Nb3 cxd4 24. Rxe7 Bxe7 25. Be2 bxc4 26. Bxc4 Bc8 27. Rd1 Qb6 28. Rxd4 Bf6 29. Rd2 g6 30. Qe3 Qc6 31. Bd5 Qb5 32. Qc5 Kg7 33. Qxb5 axb5 34. Kg2 Rd8 35. Bc6 Rxd2 36. Nxd2 b4 37. b3 g5 38. Nc4 Be7 39. Kf3 f5 40. Bd5 1/2-1/2

[Event "FICGS W-ch st2 g04 email"]
[Site "FICGS email"]
[Date "2016.08.04"]
[Round "1"]
[White "Kulick, Neil"]
[Black "Demchenko, Sergey Pavlovich"]
[Result "1-0"]
[WhiteElo "2163"]
[BlackElo "2229"]
[PlyCount "99"]
[EventDate "2016.??.??"]
[EventType "tourn (corr)"]
[EventRounds "8"]
[SourceTitle "Corr 2022"]
[Source "ChessBase"]
[SourceDate "2021.10.24"]
[SourceVersion "1"]
[SourceVersionDate "2021.10.24"]
[SourceQuality "1"]

1. e4 Nf6 2. e5 Nd5 3. d4 d6 4. Nf3 g6 5. Bc4 Nb6 6. Bb3 Bg7 7. Qe2 0-0 8. h3 c5 9. dxc5 dxc5 10. Na3 a5 11. c3 Bf5 12. Be3 Qc7 13. 0-0 a4 14. Bc2 Bxc2 15. Qxc2 N8d7 16. e6 fxe6 17. Qe4 Qc6 18. Qxc6 bxc6 19. Rfe1 Nd5 20. Rad1 Rf5 21. Bc1 Ne5 22. Nxe5 Rxe5 23. Nc4 Rxe1+ 24. Rxe1 Kf7 25. Kf1 e5 26. a3 Ke6 27. Re4 Bf6 28. Ke2 g5 29. g3 h5 30. g4 Rc8 31. f3 Rb8 32. Kd1 Rd8 33. Ke1 Rb8 34. Ke2 Rc8 35. Be3 Rb8 36. Kd1 h4 37. Bc1 Rg8 38. Kc2 Bh8 39. Be3 Bf6 40. Bxc5 Nf4 41. Nb6 Nxh3 42. Nxa4 Ra8 43. Be3 Nf4 44. Bxf4 gxf4 45. Nc5+ Kd5 46. Nb3 Rh8 47. Nd2 h3 48. Re1 h2 49. Rh1 c5 50. a4 1-0

[Event "CP-2015-P-00004"]
[Site "LSS email"]
[Date "2015.09.28"]
[Round "?"]
[White "Demchenko, Sergey Pavlovich"]
[Black "Bobykin, Kirill Mikhailovich"]
[Result "1-0"]
[WhiteElo "2325"]
[BlackElo "2517"]
[PlyCount "143"]
[EventDate "2015.10.01"]
[EventType "tourn (corr)"]
[EventRounds "6"]
[EventCountry "GER"]
[SourceTitle "Corr 2022"]
[Source "ChessBase"]
[SourceDate "2021.10.24"]
[SourceVersion "1"]
[SourceVersionDate "2021.10.24"]
[SourceQuality "1"]

1. e4 e5 2. Nf3 Nc6 3. Bb5 a6 4. Ba4 Nf6 5. 0-0 Be7 6. Re1 b5 7. Bb3 d6 8. c3 0-0 9. h3 Nb8 10. d4 Nbd7 11. Nbd2 Bb7 12. Bc2 Re8 13. Nf1 Bf8 14. Ng3 g6 15. a4 c5 16. d5 c4 17. Bg5 Nc5 18. Nh2 Be7 19. Be3 Qc7 20. Rf1 Bf8 21. Bg5 Bg7 22. Qf3 Ncd7 23. Qe3 h5 24. Nf3 Qc5 25. Qd2 Reb8 26. Bh6 Bxh6 27. Qxh6 Qc8 28. Nd2 Qf8 29. Qg5 Nh7 30. Qe3 Qe7 31. Ne2 Bc8 32. f4 exf4 33. Qxf4 Ne5 34. Nd4 Bd7 35. N4f3 f6 36. Qh6 Qg7 37. Qe3 Qe7 38. Ra2 Kg7 39. Nxe5 fxe5 40. Rfa1 Qd8 41. Kh2 Nf6 42. Bd1 Nh7 43. Be2 Nf6 44. Rf1 Qe7 45. Raa1 Nh7 46. Kg1 Qh4 47. axb5 axb5 48. Ra7 Rxa7 49. Qxa7 Qd8 50. Ra1 Ng5 51. Kf1 Qf8+ 52. Ke1 Qd8 53. Kd1 Nf7 54. Kc2 Qc8 55. Qf2 Qd8 56. Rf1 Qe7 57. Qa7 Qd8 58. g4 h4 59. Ra1 Qc8 60. Nf3 Qd8 61. Nxh4 Qxh4 62. Qxb8 Qf2 63. Kd2 Qf4+ 64. Kd1 Qxe4 65. Qa7 Qxd5+ 66. Kc2 Qe4+ 67. Kd2 Qf4+ 68. Qe3 Qh2 69. Rf1 Bc6 70. g5 Bd5 71. Rf6 Bb7 72. Kc1 1-0

[Event "FICGS W-ch st2 g01 email"]
[Site "FICGS email"]
[Date "2015.09.05"]
[Round "1"]
[White "Denisov, Timofey"]
[Black "Demchenko, Sergey Pavlovich"]
[Result "1-0"]
[WhiteElo "2224"]
[BlackElo "2223"]
[PlyCount "101"]
[EventDate "2015.??.??"]
[EventType "tourn (corr)"]
[EventRounds "8"]
[SourceTitle "Corr 2022"]
[Source "ChessBase"]
[SourceDate "2021.10.24"]
[SourceVersion "1"]
[SourceVersionDate "2021.10.24"]
[SourceQuality "1"]

1. d4 Nf6 2. Nf3 g6 3. Bg5 Bg7 4. c3 0-0 5. Nbd2 d6 6. a4 c5 7. e3 cxd4 8. exd4 h6 9. Bxf6 Bxf6 10. Bd3 e5 11. 0-0 Bg7 12. Re1 Nc6 13. dxe5 dxe5 14. Be4 Qc7 15. Qe2 Bd7 16. Rad1 Rae8 17. Bd5 Kh7 18. Qc4 f5 19. b4 Qc8 20. b5 Na5 21. Qb4 Qc7 22. Nb3 Nxb3 23. Qxb3 e4 24. Nd4 Re7 25. Qb4 Rfe8 26. a5 Be5 27. b6 axb6 28. axb6 Bxh2+ 29. Kh1 Qb8 30. c4 Bf4 31. c5 Qc8 32. Re2 h5 33. Rb1 Be5 34. c6 Bxc6 35. Nxc6 bxc6 36. Rc2 Rd7 37. Bxc6 Red8 38. Bxd7 Qxc2 39. Qe7+ Bg7 40. Rg1 Rh8 41. b7 Qxf2 42. Rb1 Kh6 43. Qd6 Bd4 44. Bxf5 Qh4+ 45. Bh3 Ba7 46. Ra1 Bb8 47. Qd2+ Bf4 48. Qe1 Qg5 49. Ra5 Be5 50. Bc8 Qf4 51. Rxe5 1-0

[Event "FICGS W-ch st2 g01 email"]
[Site "FICGS email"]
[Date "2015.09.05"]
[Round "1"]
[White "Wilson, Norman"]
[Black "Demchenko, Sergey Pavlovich"]
[Result "1/2-1/2"]
[WhiteElo "2125"]
[BlackElo "2223"]
[PlyCount "94"]
[EventDate "2015.??.??"]
[EventType "tourn (corr)"]
[EventRounds "8"]
[SourceTitle "Corr 2022"]
[Source "ChessBase"]
[SourceDate "2021.10.24"]
[SourceVersion "1"]
[SourceVersionDate "2021.10.24"]
[SourceQuality "1"]

1. e4 c5 2. Nf3 d6 3. d4 cxd4 4. Nxd4 Nf6 5. Nc3 g6 6. Be3 Bg7 7. f3 0-0 8. Qd2 Nc6 9. 0-0-0 d5 10. exd5 Nxd5 11. Nxc6 bxc6 12. Bd4 Bxd4 13. Qxd4 Qb6 14. Na4 Qc7 15. Bc4 Rd8 16. Nc5 Bf5 17. Bb3 Nf4 18. Qf2 Rxd1+ 19. Rxd1 Rd8 20. Re1 h5 21. g3 Nd5 22. a3 e6 23. Rh1 Nf6 24. Qe1 Nd7 25. Qc3 Nxc5 26. Qxc5 Qd7 27. Qe3 c5 28. Bc4 Qd4 29. Qe2 Qf6 30. Re1 Qe7 31. Qe5 Rd4 32. Be2 Rd5 33. Qe3 g5 34. Bb5 Rd6 35. Rf1 Bg6 36. Be2 Rd4 37. c3 Rd5 38. Bc4 Rd7 39. Rd1 Rxd1+ 40. Kxd1 g4 41. Be2 Qd6+ 42. Ke1 gxf3 43. Bxf3 h4 44. gxh4 Qxh2 45. Qg5 Kh7 46. Bh5 Bf5 47. Bxf7 Qh1+ 1/2-1/2